Diagnostico enfermero : proceso de aplicación (Registro nro. 176728)

Detalles MARC
001 - NÚMERO DE CONTROL
campo de control 174895
005 - FECHA Y HORA DE LA ÚLTIMA TRANSACCIÓN
campo de control 20260506085859.0
008 - DATOS DE LONGITUD FIJA--INFORMACIÓN GENERAL
campo de control de longitud fija 980422s1996 spa
020 ## - NÚMERO INTERNACIONAL ESTÁNDAR DEL LIBRO
Número Internacional Estándar del Libro 8481741574
035 ## - NÚMERO DE CONTROL DEL SISTEMA
Número de control de sistema 174895
035 ## - NÚMERO DE CONTROL DEL SISTEMA
Número de control de sistema (OCoLC)638881911
040 ## - FUENTE DE LA CATALOGACIÓN
Centro/agencia transcriptor comduadb
041 ## - CÓDIGO DE LENGUA
Código de lengua del texto/banda sonora o título independiente spa
080 ## - NÚMERO DE LA CLASIFICACIÓN DECIMAL UNIVERSAL
Número de la Clasificación Decimal Universal WY
082 #4 - NÚMERO DE LA CLASIFICACIÓN DECIMAL DEWEY
Número de clasificación 610
100 10 - ENTRADA PRINCIPAL--NOMBRE DE PERSONA
Nombre de persona Gordon, Marjory
Código de función aut
Término indicativo de función/relación Autor/a
9 (RLIN) 319010
245 10 - MENCIÓN DE TÍTULO
Título Diagnostico enfermero : proceso de aplicación
250 ## - MENCIÓN DE EDICIÓN
Mención de edición 3ed.
260 ## - PUBLICACIÓN, DISTRIBUCIÓN, ETC.
Lugar de publicación, distribución, etc. Barcelona :
Nombre del editor, distribuidor, etc. Doyma,
Fecha de publicación, distribución, etc. 1996.
300 ## - DESCRIPCIÓN FÍSICA
Extensión 457 páginas
500 ## - NOTA GENERAL
Nota general Compra: $63000 May.15/97.
650 #7 - PUNTO DE ACCESO ADICIONAL DE MATERIA--TÉRMINO DE MATERIA
Término de materia o nombre geográfico como elemento de entrada Diagnóstico de enfermería
Fuente del encabezamiento o término dcs
9 (RLIN) 50434
650 #7 - PUNTO DE ACCESO ADICIONAL DE MATERIA--TÉRMINO DE MATERIA
Término de materia o nombre geográfico como elemento de entrada Proceso de Enfermería
Fuente del encabezamiento o término dcs
9 (RLIN) 52298
942 ## - ELEMENTOS DE ENTRADA AGREGADA (KOHA)
Tipo de ítem Koha Libros
Existencias
Estado de retiro Estado de pérdida Estado dañado No para préstamo Código de colección Localización permanente Ubicación/localización actual Fecha de adquisición Número de inventario Total de préstamos Signatura topográfica completa Código de barras Fecha visto por última vez Fecha del último préstamo Número de copia Precio válido a partir de Tipo de ítem Koha
        Colección General Biblioteca de Enfermería, Campus Medellín Biblioteca de Enfermería, Campus Medellín 22/04/1998 C241591 1 WY100 G6-96 61000001103031 12/02/2026 05/02/2026 1 23/04/2023 Libros